000
00336 a2200157 4500
001
176069
020
_a
040
_c
Magnum
100
_a
Batista, Zizinha
240
1
0
_a
Os quatro anoes/no clube
_l
por
245
1
0
_a
Os quatro anoes/no clube
362
0
_a
1899
440
1
_a
Do Brasil
697
_a
MAGNITO: I/GERAL
942
_c
BK
999
_c
176069
_d
176069